000 nam a22 7a 4500
999 _c46456
_d46456
003 OSt
005 20190416145506.0
008 190416b xxu||||| |||| 00| 0 eng d
040 _csero soft
100 _aSharma,R.C
245 _amodern science teaching
260 _aDelhi
_bDhanpat
300 _a434
942 _2ddc
_c02